| 000 | 00579ckm a22002055a 4500 | ||
|---|---|---|---|
| 001 | L141683 | ||
| 008 | 071213q1930 xxk eng u | ||
| 035 | _a(Sirsi) u141683 | ||
| 041 | 0 | _aeng | |
| 110 | 2 |
_aGeneral Photographic Agency _95478 |
|
| 245 | 0 | 1 | _a[Photograph of the Library at 12 Great George Street] |
| 260 | _cca. 1930? | ||
| 300 |
_a1 photograph _bb&w _c30 x 25 cm. |
||
| 340 | _aPhotograph | ||
| 351 | _cSingle item | ||
| 500 | _aPhotograph is torn at top and right hand edge. | ||
| 651 | 4 | _aLondon | |
| 690 | _aABOUT RICS-RICS HEADQUARTERS | ||
| 942 | _n0 | ||
| 999 |
_c116750 _d116750 |
||